<?xml version="1.0" encoding="UTF-8"?>
<record
    xmlns:xsi="http://www.w3.org/2001/XMLSchema-instance"
    xsi:schemaLocation="http://www.loc.gov/MARC21/slim http://www.loc.gov/standards/marcxml/schema/MARC21slim.xsd"
    xmlns="http://www.loc.gov/MARC21/slim">

  <leader>01925nam a2200277 a 4500</leader>
  <controlfield tag="001">BRCA_8731</controlfield>
  <controlfield tag="005">20190320210401.0</controlfield>
  <controlfield tag="008">200217t1761----sp-#######---#000-0#spa-#</controlfield>
  <datafield tag="041" ind1=" " ind2=" ">
    <subfield code="a">spa</subfield>
  </datafield>
  <datafield tag="044" ind1=" " ind2=" ">
    <subfield code="a">sp</subfield>
  </datafield>
  <datafield tag="084" ind1=" " ind2=" ">
    <subfield code="a">BE85</subfield>
    <subfield code="b">.V35 1761</subfield>
  </datafield>
  <datafield tag="100" ind1="1" ind2=" ">
    <subfield code="a">Valent&#xED;n de la Madre de Dios</subfield>
    <subfield code="c">Padre Fray</subfield>
    <subfield code="9">21310</subfield>
  </datafield>
  <datafield tag="245" ind1="1" ind2="0">
    <subfield code="a">Fuero de la conciencia</subfield>
    <subfield code="b">segunda parte</subfield>
    <subfield code="c">su autor el Padre Fr. Valent&#xED;n de la Madre de Dios, nuevamente a&#xF1;adido por el Padre Fr. Juan Antonio de San Agust&#xED;n, y ahora nuevamente aumentado con muchas otras adicciones por el Padre Fr. Juli&#xE1;n del Sant&#xED;simo Sacramento.</subfield>
  </datafield>
  <datafield tag="260" ind1=" " ind2=" ">
    <subfield code="a">Madrid</subfield>
    <subfield code="c">1761-62</subfield>
  </datafield>
  <datafield tag="300" ind1=" " ind2=" ">
    <subfield code="a">[6], 531 p. (t.2)</subfield>
    <subfield code="c">21.2 x 15.5 cm.</subfield>
  </datafield>
  <datafield tag="500" ind1=" " ind2=" ">
    <subfield code="a">Estado f&#xED;sico : presenta lomo desprendido, hojas manchadas y cintas rotas</subfield>
  </datafield>
  <datafield tag="500" ind1=" " ind2=" ">
    <subfield code="a">Con marca de fuego: &#x201C;Procedencia de la marca: Convento de Santa Teresa Jes&#xFA;s de Quer&#xE9;taro (1). Instituci&#xF3;n: Orden de Carmelitas Descalzos. Provincia de San Alberto de M&#xE9;xico. Descripci&#xF3;n: Variaci&#xF3;n sobre las armas de la Orden del Monte Carmelo. Un mantel sumado de una cruz patada y cargado de una letra capital Q. Al timbre, corona real abierta. Observaciones: Esta marca conserva tres elementos del escudo carmelita: la cruz, el mantel / monte y la corona de tres florones, simplificaci&#xF3;n de la de 12 estrellas (sentido m&#xED;stico del Apocalipsis) (2) ---------- En 2006 Ferm&#xED;n Campos sugiri&#xF3; que la inicial Q es la sigla de la palabra &#xB4;Quer&#xE9;taro&#xB4;. Ubicaci&#xF3;n de la marca en el libro: Portada&#x201D;</subfield>
  </datafield>
  <datafield tag="650" ind1="1" ind2="4">
    <subfield code="a">Iglesia cat&#xF3;lica</subfield>
    <subfield code="x">Autores cat&#xF3;licos</subfield>
    <subfield code="9">21311</subfield>
  </datafield>
  <datafield tag="650" ind1="1" ind2="4">
    <subfield code="a">Conciencia</subfield>
    <subfield code="9">21312</subfield>
  </datafield>
  <datafield tag="650" ind1="1" ind2="4">
    <subfield code="a">Casu&#xED;stica</subfield>
    <subfield code="9">21313</subfield>
  </datafield>
  <datafield tag="700" ind1="1" ind2=" ">
    <subfield code="a">Juan Antonio de San Agust&#xED;n</subfield>
    <subfield code="c">Padre Fray</subfield>
    <subfield code="9">21314</subfield>
  </datafield>
  <datafield tag="700" ind1="1" ind2=" ">
    <subfield code="a">Juli&#xE1;n del Sant&#xED;simo Sacramento</subfield>
    <subfield code="c">Padre Fray</subfield>
    <subfield code="9">21315</subfield>
  </datafield>
  <datafield tag="856" ind1=" " ind2=" ">
    <subfield code="a">http://www.marcasdefuego.buap.mx:8180/xmLibris/projects/firebrand/item.jsp?repository=marcas_de_fuego&amp;key=1cac16ac.xml&amp;num=19</subfield>
  </datafield>
  <datafield tag="902" ind1=" " ind2=" ">
    <subfield code="a">CFM</subfield>
  </datafield>
  <datafield tag="942" ind1=" " ind2=" ">
    <subfield code="2">lcc</subfield>
    <subfield code="c">B</subfield>
  </datafield>
  <datafield tag="999" ind1=" " ind2=" ">
    <subfield code="c">8383</subfield>
    <subfield code="d">8383</subfield>
  </datafield>
  <datafield tag="952" ind1=" " ind2=" ">
    <subfield code="0">0</subfield>
    <subfield code="1">0</subfield>
    <subfield code="4">0</subfield>
    <subfield code="7">0</subfield>
    <subfield code="a">BRCA</subfield>
    <subfield code="b">BRCA</subfield>
    <subfield code="d">2017-02-20</subfield>
    <subfield code="l">0</subfield>
    <subfield code="o">BE85 .V35 1761</subfield>
    <subfield code="p">CFM00067</subfield>
    <subfield code="r">2019-03-22 00:00:00</subfield>
    <subfield code="w">2019-03-22</subfield>
    <subfield code="y">B</subfield>
  </datafield>
</record>
